000 00584nam a2200217Ia 4500
001 17848
003 GE_BSU
008 181216s||||||||xx |||||||||||||| ||und||
040 _cGE_BSU
080 _a621.9(075)
100 _aФилоненко,С.Н.
245 _aРезание металлов.
245 _bУчебник.
245 _cРед. М.Е.Барат-Тарле.
260 _aМ.
260 _bМашгиз.
260 _c1963.
300 _a211 стр. 22 см. Библиогр.: стр. 212-213.
653 _aРезание металлов.
942 _cBK
999 _c50893
_d50893